EA FC25 Icons - Statistics

General Stats
  • This quiz has been taken 398 times
  • The average score is 54 of 110
Answer Stats
Rate Nation Answer % Correct
95 Brazil Pele
99%
94 Brazil Ronaldo
95%
94 France Zinedine Zidane
93%
93 Brazil Ronaldinho
90%
93 Netherlands Johan Cruyff
88%
92 Hungary Ferenc Puskas
85%
92 Italy Paolo Maldini
79%
92 Russia Lev Yashin
78%
92 Germany Gerd Muller
74%
88 Wales Gareth Bale
72%
93 USA Mia Hamm
72%
90 Netherlands Ruud Gullit
71%
90 Spain Xavi
71%
90 Brazil Roberto Carlos
68%
91 Portugal Eusebio
66%
91 France Thierry Henry
64%
91 Italy Gianluigi Buffon
63%
89 Germany Philipp Lahm
63%
89 Ivory Coast Didier Drogba
62%
90 Northern Ireland George Best
62%
86 Ireland Roy Keane
62%
89 Cameroon Samuel Eto'o
62%
91 Brazil Carlos Alberto
61%
89 Portugal Luis Figo
61%
92 England Bobby Charlton
59%
91 Japan Homare Sawa
59%
91 Netherlands Marco van Basten
59%
88 Czech Republic Petr Cech
59%
91 Brazil Cafu
57%
89 Bulgaria Hristo Stoichkov
56%
90 Brazil Rivaldo
56%
92 Brazil Garrincha
55%
88 Romania Gheorghe Hagi
55%
91 Brazil Zico
55%
89 Italy Fabio Cannavaro
54%
91 Italy Franco Baresi
54%
86 Ghana Michael Essien
54%
88 Czech Republic Pavel Nedved
54%
89 Denmark Peter Schmeichel
54%
88 England Steven Gerrard
54%
90 Spain Iker Casillas
53%
88 England Wayne Rooney
52%
87 England Frank Lampard
51%
87 Wales Ian Rush
51%
90 Germany Lothar Matthaus
51%
89 Italy Alessandro Nesta
50%
86 Mexico Luis Hernandez
50%
88 Denmark Michael Laudrup
50%
88 Ukraine Andriy Shevchenko
49%
88 Netherlands Edwin van der Sar
49%
89 Mexico Hugo Sanchez
49%
89 Brazil Kaka
49%
89 Scotland Kenny Dalglish
49%
88 England David Beckham
48%
88 England Rio Ferdinand
48%
86 Sweden Henrik Larsson
47%
89 Brazil Jairzinho
47%
90 Italy Alessandro Del Piero
46%
87 Serbia Nemanja Vidic
46%
88 England Paul Scholes
46%
87 Croatia Davor Suker
45%
87 Spain Fernando Torres
45%
86 Argentina Hernan Crespo
45%
88 Netherlands Robin van Persie
45%
89 Argentina Javier Zanetti
44%
92 Germany Birgit Prinz
43%
89 Spain Carles Puyol
43%
90 Italy Andrea Pirlo
42%
90 England Bobby Moore
42%
90 Spain Raul
42%
91 Italy Roberto Baggio
42%
86 Italy Gianluca Zambrotta
41%
92 Germany Nadine Angerer
41%
89 Netherlands Ruud van Nistelrooy
41%
88 France Marcel Desailly
40%
88 Netherlands Ronald Koeman
40%
89 Brazil Socrates
40%
86 England Ashley Cole
39%
86 Italy Gennaro Gattuso
39%
86 Argentina Gabriel Veron
38%
88 France Patrick Vieira
38%
87 France Emmanuel Petit
37%
88 Argentina Juan Riquelme
37%
88 England Michael Owen
37%
87 Spain Xabi Alonso
37%
89 England Alan Shearer
36%
88 Germany Bastian Schweinsteiger
35%
88 France Lillian Thuram
35%
88 Germany Miroslav Klose
35%
89 England Gary Lineker
34%
88 France Franck Ribery
33%
90 USA Julie Foudy
33%
88 France Laurent Blanc
33%
89 Spain Emilio Butragueno
32%
90 Japan Aya Miyama
31%
88 Spain Fernando Hierro
31%
87 Netherlands Frank Rijkaard
30%
86 England Sol Campbell
30%
90 Netherlands Dennis Bergkamp
29%
87 Italy Gianfranco Zola
29%
90 Sweden Lotta Schelin
28%
87 Netherlands Patrick Kluivert
28%
89 England Kelly Smith
27%
89 France Eric Cantona
26%
87 England Ian Wright
26%
87 France Robert Pires
26%
90 France Camille Abily
24%
87 England John Barnes
24%
88 France Marinette Pichon
19%
87 France Claude Makalele
10%
No matching quizzes found
Score Distribution
Percent of People with Each Score
Percentile by Number Answered
Your Score History
You have not taken this quiz